Ultimate Romantic Comedy Quiz - Statistics

General Stats
  • This quiz has been taken 1,195 times
  • The average score is 7 of 20
Answer Stats
Hint Answer % Correct
In what movie does Ryan Reynolds pretend to be engaged to his boss? The Proposal
73%
In what movie does Julia Roberts ride off on a horse? Runaway Bride
61%
In what movie does Kate Hudson have a "love fern" with her boyfriend? How to Lose a Guy in 10 Days
57%
In what movie does Anne Hathaway tackle her friend at a wedding? Bride Wars
55%
In what movie does Isla Fisher become obsessed with shopping? Confessions of a Shopaholic
45%
In what movie does Rachel McAdams lose her memory? The Vow
42%
In what movie does Amy Adams plan to propse to her boyfriend? Leap Year
37%
In what movie does Amanda Seyfried help to build a house? Dear John
36%
In what movie does Cameron Diaz try to sing karaoke? My Best Friend's Wedding
36%
In what movie does Cameron Diaz help people lose weight while she gains from a pregnancy? What to Expect When You're Expecting
35%
In what movie does Malin Akerman's character start dating her sister's boss? 27 Dresses
31%
In what movie does Anna Ferris track down old boyfriends? What's Your Number
29%
In what movie does Katherine Heigle raise a child with a man she hates? Life As We Know It
28%
In what movie does Ginnifer Goodwin play a desperate and awkward girl? He's Just Not that Into You
27%
In what movie do Chris Pine and Tom Hardy fall for the same woman? This Means War
27%
In what movie does Ginnifer Goodwin sleep with her best friend's fiance? Something Borrowed
25%
In what movie does Johnny Depp's character go to Venice, Italy? The Tourist
23%
In what movie does Felicity Jones snowboard? Chalet Girl
20%
In which movie does Kristen Bell have a date in the dark? When In Rome
17%
What movie is based on a book written by the host of Family Feud? Think Like a Man
6%
No matching quizzes found
Score Distribution
Percent of People with Each Score
Percentile by Number Answered
Your Score History
You have not taken this quiz